Magyar tánc

Elmentve itt :
Bibliográfiai részletek
Szerző: Ö. Gy
Dokumentumtípus: Cikk
Megjelent: 1936
Sorozat:Gyakorlati pedagógia 2 No. 3
Kulcsszavak:Tánc - magyar - gyakorlatok, Táncművészet - magyar
Tárgyszavak:
Online Access:http://acta.bibl.u-szeged.hu/51214
LEADER 00646nab a2200193 i 4500
001 acta51214
005 20250429153327.0
008 180420s1936 hu o 000 hun d
040 |a SZTE Egyetemi Kiadványok Repozitórium  |b hun 
041 |a hun 
100 1 |a Ö. Gy. 
245 1 0 |a Magyar tánc  |h [elektronikus dokumentum] /  |c  Ö. Gy. 
260 |c 1936 
300 |a 185-189 
490 0 |a Gyakorlati pedagógia  |v 2 No. 3 
650 4 |a Társadalomtudományok 
650 4 |a Oktatástudomány 
695 |a Tánc - magyar - gyakorlatok, Táncművészet - magyar 
856 4 0 |u http://acta.bibl.u-szeged.hu/51214/1/gyakorlati_1936_003_185-189.pdf  |z Dokumentum-elérés